000 00496nam a22001817a 4500
999 _c6121
_d6119
005 20210827125033.0
008 200317b xxu||||| |||| 00| 0 eng d
020 _a9788125905662
041 _aeng
082 _a615.1
100 _aSIDDIQUI ANEES A & OTHERS
_96707
245 _aHOSPITAL AND CLINICAL AND CLINICAL PHARMACY
_cANEES AHMAD SIDDIQUI
250 _a1'ST
260 _aNWE DELHI
_bCBS PUBLISHERS AND DISTRIBUTORS
_c2020
300 _a188 P.
650 _aPHARMCY
_95226
942 _cBK